Antenna theory: Analysis and design (Record no. 164740)

MARC details
000 -LEADER
fixed length control field 00432nam a2200169Ia 4500
008 - FIXED-LENGTH DATA ELEMENTS--GENERAL INFORMATION
fixed length control field 231217s9999 xx 000 0 und d
041 ## - LANGUAGE CODE
Language code of text/sound track or separate title English
082 ## - DEWEY DECIMAL CLASSIFICATION NUMBER
Classification number 621.384135 BAL;4 R
100 ## - MAIN ENTRY--PERSONAL NAME
Personal name Balanis, Constantine A
245 #0 - TITLE STATEMENT
Title Antenna theory: Analysis and design
250 ## - EDITION STATEMENT
Edition statement 2nd ed.
260 ## - PUBLICATION, DISTRIBUTION, ETC.
Date of publication, distribution, etc. 1997
Name of publisher, distributor, etc. John Wiley
300 ## - PHYSICAL DESCRIPTION
Extent xvi+941
500 ## - GENERAL NOTE
General note Content page available
650 ## - SUBJECT ADDED ENTRY--TOPICAL TERM
Topical term or geographic name entry element Antenna theory
942 ## - ADDED ENTRY ELEMENTS (KOHA)
Koha item type Books
Holdings
Date last seen Total checkouts Full call number Accession number Uniform resource identifier Cost, total (INR) price Price effective from Category Lost status Damaged status Department Withdrawn status Home library Current library Shelving location Entry date Cost, normal purchase price Grants Billnumber Billdate Currency symbol Conversion rate Discount Old discount
26/01/2024   621.384135 BAL;4 R 9729 digital/contents/9729.pdf 674.56 26/01/2024 Books     Central Library   Central Library Central Library Central Library 17/03/1997 21.95 EC 5133 16/10/1999 USD 36.15 3.29 15

© For any Suggestions or Query, please contact the library staff @ librarian@pes.edu or Phone: +9180 2672 1983/ 2108.